000 00807nam a2200265 i 4500
001 15984
003 ES-MaACL
005 20250718062531.0
007 t|
008 000530s1991 sp ||||0| spa d
016 7 _zCHM930019237
020 _a84-7846-090.X
040 _aM-BN
_bspa
_cCHM
080 _a17 (042)
100 1 _aColina, Fernando.
_939597
245 1 0 _aCinismo, discreción y desconfianza /
_cFernando Colina.
260 _aValladolid :
_bConsejería de Cultura y Bienestar Social,
_c1991.
300 _a133 p. ;
_c22 cm.
490 1 _aEnsayo/las ideas
650 1 7 _aÉtica
_2embne
_912577
710 1 _aCastilla y León.
_bConsejería de Cultura y Bienestar Social.
_92498
830 0 _aEnsayo/las ideas
_9179851
852 _aES-MaACL
_jL-23143
_bR.128261
999 _c15984
_d15984